000 00749nam a2200253Ia 4500
003 OSt
005 20221005130116.0
006 a|||||r|||| 00| 0
007 ta
008 221004b |||||||| |||| 00| 0 ben d
020 _a9789381170472 (hbk)
_c400
024 _a4391
037 _b769, 16/03/2013, Bright Book Service
_cTextual
040 _aCRL
_cCRL
_bben
041 _2ben
_aben
082 _aO157,1:g, Q2
100 _aMukhopadhyay Dipendranath
_9637611
245 0 _aRabindrottara alokebritte terojon kabi
260 _c2012
300 _a455p.
_ccm.
650 _aBENGALI LITERATURE
942 _hO157,1:g, Q2
_cTEXL
_2cc
999 _c1056130
_d1056130